[Event "Florianopolis op 6th"]
[Site "Florianopolis"]
[Date "2020.01.21"]
[Round "2"]
[White "Dalanhol, Joao Vitor"]
[Black "Bonfim, Regina Rodrigues"]
[Result "1-0"]
[WhiteElo "1988"]
[BlackElo "1726"]
[PlyCount "89"]
[EventDate "2020.01.20"]
[EventType "swiss"]
[EventRounds "10"]
[EventCountry "BRA"]
[SourceTitle "CBM 194 Extra"]
[Source "ChessBase"]
[SourceDate "2020.03.31"]
[SourceVersion "1"]
[SourceVersionDate "2020.03.31"]
[SourceQuality "1"]

1. e4 c6 2. d4 d5 3. Nc3 dxe4 4. Nxe4 Nd7 5. Nf3 Ngf6 6. Ng3 g6 7. Bc4 Bg7 8. 0-0 0-0 9. Re1 Nb6 10. Bb3 Bg4 11. c3 Nh5 12. Nxh5 Bxh5 13. h3 Bxf3 14. Qxf3 e6 15. Bf4 Nd5 16. Bg3 a5 17. Re2 a4 18. Bxd5 cxd5 19. Qd3 Qd7 20. a3 Qc6 21. Qd2 Rfc8 22. Rae1 Rf8 23. Be5 Rac8 24. h4 f6 25. Bf4 Rce8 26. Bh6 Rf7 27. Bxg7 Kxg7 28. Re3 Rfe7 29. Qe2 e5 30. dxe5 Rxe5 31. Qd2 Rxe3 32. Rxe3 Rxe3 33. Qxe3 b5 34. Qe7+ Kg8 35. g3 f5 36. h5 gxh5 37. Qg5+ Qg6 38. Qd8+ Kg7 39. Qxd5 Kh6 40. Qxb5 h4 41. Qxa4 hxg3 42. Qh4+ Qh5 43. Qxh5+ Kxh5 44. fxg3 Kg4 45. Kg2 1-0

[Event "Florianopolis op 6th"]
[Site "Florianopolis"]
[Date "2020.01.21"]
[Round "3"]
[White "Ribeiro, Fabiano Pinto"]
[Black "Dalanhol, Joao Vitor"]
[Result "1-0"]
[WhiteElo "1798"]
[BlackElo "1988"]
[PlyCount "69"]
[EventDate "2020.01.20"]
[EventType "swiss"]
[EventRounds "10"]
[EventCountry "BRA"]
[SourceTitle "CBM 194 Extra"]
[Source "ChessBase"]
[SourceDate "2020.03.31"]
[SourceVersion "1"]
[SourceVersionDate "2020.03.31"]
[SourceQuality "1"]

1. d4 Nf6 2. Nf3 g6 3. Bf4 Bg7 4. e3 d6 5. Be2 0-0 6. 0-0 Nh5 7. Bg5 h6 8. Bh4 g5 9. Nfd2 Nf6 10. Bg3 Nc6 11. h3 e5 12. c3 e4 13. a3 Qe7 14. c4 Ne8 15. Nc3 f5 16. Nd5 Qd8 17. f4 exf3 18. Nxf3 Ne7 19. Nc3 Nf6 20. Qc2 Qe8 21. Rae1 Bd7 22. Bd3 Nh5 23. Bf2 Qc8 24. Nh2 Nc6 25. b4 f4 26. Nd5 Be6 27. Nxc7 Qxc7 28. d5 fxe3 29. Bxe3 Nd4 30. Bh7+ Kh8 31. Qd3 Bf7 32. Rxf7 Rxf7 33. Bg6 Qe7 34. Bxh5 Re8 35. Bxf7 1-0

[Event "BRA-ch U16"]
[Site "Sao Paulo"]
[Date "2018.04.01"]
[Round "5"]
[White "Dalanhol, Joao Vitor"]
[Black "Filgueiras, Nathan Felipe"]
[Result "1/2-1/2"]
[WhiteElo "1946"]
[BlackElo "2080"]
[PlyCount "192"]
[EventDate "2018.03.29"]
[EventType "swiss"]
[EventRounds "6"]
[EventCountry "BRA"]
[SourceTitle "EXT 2019"]
[Source "ChessBase"]
[SourceDate "2018.10.10"]
[SourceVersion "1"]
[SourceVersionDate "2018.10.10"]
[SourceQuality "1"]

1. e4 c5 2. Nf3 Nc6 3. d4 cxd4 4. Nxd4 e5 5. Nb5 d6 6. c4 Be6 7. N1c3 a6 8. Na3 Be7 9. Be3 Rc8 10. Be2 Nf6 11. 0-0 0-0 12. f3 Ne8 13. Qd2 h6 14. Rfd1 Bg5 15. Bxg5 Qxg5 16. Qxg5 hxg5 17. Nc2 f6 18. Nd5 Kf7 19. Rd2 Rd8 20. Rad1 g6 21. Ndb4 Nxb4 22. Nxb4 Rc8 23. b3 Ke7 24. Kf2 f5 25. Ke3 Rh8 26. h3 Rf8 27. Nd3 Kf6 28. Nf2 Rf7 29. g4 f4+ 30. Kd3 Rfc7 31. Rc2 Bg8 32. Rdc1 Ng7 33. Kd2 Ne6 34. Nd3 Nd4 35. Rc3 a5 36. Bd1 b6 37. a4 Be6 38. Nf2 Ke7 39. Nd3 Bd7 40. Nf2 Bc6 41. Nd3 Bb7 42. Nf2 Rh8 43. Rd3 Nc6 44. Rdc3 Nd4 45. Rd3 Ne6 46. Rdc3 Nc5 47. Be2 Bc8 48. Bd1 Rh7 49. Be2 Be6 50. Bf1 Bf7 51. Be2 Ne6 52. Rd3 Nd4 53. Bd1 Nc6 54. Rdc3 Rc8 55. Be2 Kd7 56. Bf1 Nd4 57. Be2 Kc6 58. Bf1 Rch8 59. Rd1 Kc7 60. Rdc1 Nc6 61. Rd3 Nb4 62. Rdc3 Na2 63. R1c2 Nxc3 64. Rxc3 Be6 65. Rd3 Kd7 66. Rc3 Ke7 67. Rd3 Rc8 68. Rc3 Rc7 69. Rc2 Rh8 70. Bd3 Bd7 71. Ra2 Bc6 72. Ra1 Ra8 73. Ra2 Ke6 74. Ra1 Bd7 75. Bf1 Ke7 76. Be2 Be6 77. Bf1 Rca7 78. Ra2 Kd7 79. Nd1 Kd8 80. Nc3 Bd7 81. Nd5 Bc6 82. Nc3 Ke7 83. Kc2 Ke6 84. Ra1 Rh7 85. Bg2 Rc8 86. Kd2 Bb7 87. Rc1 Ba6 88. Rd1 Bb7 89. Kd3 Bc6 90. Kc2 Ra7 91. Bf1 Rh8 92. Kb2 Rah7 93. Rd2 Rc8 94. Rd1 Rhc7 95. Be2 Ke7 96. Rc1 Ke6 1/2-1/2

[Event "BRA-ch U16"]
[Site "Sao Paulo"]
[Date "2018.03.30"]
[Round "2"]
[White "Do Valle Cardoso, Lucas"]
[Black "Dalanhol, Joao Vitor"]
[Result "1-0"]
[WhiteElo "2051"]
[BlackElo "1946"]
[PlyCount "153"]
[EventDate "2018.03.29"]
[EventType "swiss"]
[EventRounds "6"]
[EventCountry "BRA"]
[SourceTitle "EXT 2019"]
[Source "ChessBase"]
[SourceDate "2018.10.10"]
[SourceVersion "1"]
[SourceVersionDate "2018.10.10"]
[SourceQuality "1"]

1. e4 c5 2. Nf3 d6 3. d4 cxd4 4. Nxd4 Nf6 5. Nc3 a6 6. f3 e5 7. Nb3 Be6 8. Be3 Be7 9. Qd2 Nbd7 10. 0-0-0 b5 11. Kb1 Nb6 12. Qf2 Nc4 13. Bxc4 bxc4 14. Nc5 Qc7 15. Nxe6 fxe6 16. Qg3 0-0 17. Qh3 Qd7 18. g4 Ne8 19. g5 Nc7 20. Nd5 Nxd5 21. exd5 Rf5 22. Rhg1 g6 23. Qg4 exd5 24. Rxd5 Qc6 25. Rgd1 Raf8 26. h4 Qc8 27. h5 Rxf3 28. Qe4 R3f5 29. hxg6 hxg6 30. Qh1 R8f7 31. R5d2 Rh7 32. Qd5+ Kg7 33. Rh1 Rxh1+ 34. Qxh1 Qh8 35. Qg2 Qb8 36. Rd1 c3 37. b3 Qd8 38. Qc6 Bxg5 39. Bxg5 Qxg5 40. Qxc3 Qe7 41. Qc6 Rf6 42. Qxa6 e4 43. Qe2 Qe5 44. Re1 d5 45. a4 Re6 46. Qb5 d4 47. Qxe5+ Rxe5 48. b4 Kf6 49. Kb2 Ke6 50. Kb3 Kd5 51. a5 e3 52. a6 Re7 53. b5 Kc5 54. Ka4 Kb6 55. Kb4 Re5 56. Kc4 Rxb5 57. Ra1 Rc5+ 58. Kxd4 Rc7 59. c4 e2 60. c5+ Ka7 61. Kd5 Re7 62. Re1 Kxa6 63. Kd6 Re3 64. c6 Ka7 65. c7 Rd3+ 66. Kc6 Rc3+ 67. Kd7 Rd3+ 68. Kc6 Rc3+ 69. Kd7 Rd3+ 70. Kc8 Re3 71. Ra1+ Kb6 72. Kb8 e1Q 73. Rxe1 Rxe1 74. c8Q Kb5 75. Qd7+ Kc5 76. Kc7 Kb4 77. Qd2+ 1-0

[Event "BRA-ch U16"]
[Site "Itajai"]
[Date "2017.06.03"]
[Round "4"]
[White "Dalanhol, Joao Vitor"]
[Black "De Borba, Guilherme"]
[Result "0-1"]
[WhiteElo "1934"]
[BlackElo "2232"]
[PlyCount "68"]
[EventDate "2017.06.01"]
[EventType "swiss"]
[EventRounds "6"]
[EventCountry "BRA"]
[SourceTitle "CBM 179 Extra"]
[Source "ChessBase"]
[SourceDate "2017.08.23"]
[SourceVersion "1"]
[SourceVersionDate "2017.08.23"]
[SourceQuality "1"]

1. e4 c6 2. d4 d5 3. Nc3 dxe4 4. Nxe4 Nf6 5. Nxf6+ gxf6 6. Nf3 Bg4 7. Be2 Qc7 8. Nh4 Bxe2 9. Qxe2 Nd7 10. 0-0 0-0-0 11. c4 e6 12. c5 Bg7 13. Rd1 f5 14. Nf3 Nf6 15. Bg5 Rdg8 16. Bxf6 Bxf6 17. Ne5 Rd8 18. Nc4 Rxd4 19. Nd6+ Kb8 20. Qh5 Rd5 21. Rac1 Bd4 22. Nxf7 f4 23. Qxd5 cxd5 24. Nxh8 Bxh8 25. b3 Bf6 26. Rc2 Qg7 27. Rcd2 f3 28. g3 h5 29. Rd3 Qg4 30. Kh1 d4 31. Rg1 e5 32. Re1 e4 33. Rdd1 e3 34. fxe3 f2 0-1

[Event "Sao Bento do Sul U2050 2nd"]
[Site "Sao Bento do Sul"]
[Date "2016.09.18"]
[Round "6.3"]
[White "Rapouso, Ricardo Luis Borba"]
[Black "Dalanhol, Joao Vitor"]
[Result "1-0"]
[WhiteElo "2002"]
[BlackElo "1908"]
[PlyCount "81"]
[EventDate "2016.09.16"]
[EventType "swiss"]
[EventRounds "7"]
[EventCountry "BRA"]
[SourceTitle "EXT 2022"]
[Source "ChessBase"]
[SourceDate "2021.10.06"]
[SourceVersion "1"]
[SourceVersionDate "2021.10.06"]
[SourceQuality "1"]

1. d4 Nf6 2. c4 g6 3. Nc3 Bg7 4. e4 d6 5. Be2 0-0 6. Nf3 e5 7. 0-0 Nc6 8. d5 Ne7 9. b4 Ne8 10. c5 f5 11. Ng5 Nf6 12. f3 f4 13. a4 h6 14. Ne6 Bxe6 15. dxe6 dxc5 16. bxc5 c6 17. a5 Qc7 18. Qd6 Ne8 19. Qxc7 Nxc7 20. Rb1 Rab8 21. Rd1 Rfc8 22. Rd7 Bf8 23. Bc4 Kg7 24. Ba3 Kf6 25. h4 a6 26. Bb2 Nb5 27. Na4 Rd8 28. Rbd1 Rxd7 29. exd7 Rd8 30. Nb6 g5 31. h5 g4 32. Bxb5 cxb5 33. Rd6+ Kg5 34. Bxe5 gxf3 35. gxf3 Kxh5 36. Bf6 b4 37. Nd5 b3 38. Nxe7 Bxe7 39. Bxe7 b2 40. Rb6 Rxd7 41. Bd6 1-0

[Event "Sao Bento do Sul U2050 2nd"]
[Site "Sao Bento do Sul"]
[Date "2016.09.16"]
[Round "1.13"]
[White "Dalanhol, Joao Vitor"]
[Black "Hoeckler, Valesca Bernardi"]
[Result "1-0"]
[WhiteElo "1908"]
[BlackElo "1331"]
[PlyCount "59"]
[EventDate "2016.09.16"]
[EventType "swiss"]
[EventRounds "7"]
[EventCountry "BRA"]
[SourceTitle "EXT 2022"]
[Source "ChessBase"]
[SourceDate "2021.10.06"]
[SourceVersion "1"]
[SourceVersionDate "2021.10.06"]
[SourceQuality "1"]

1. e4 e5 2. Nf3 Nc6 3. d4 exd4 4. Nxd4 Nf6 5. Nxc6 bxc6 6. e5 Nd5 7. c4 Nb6 8. Bd3 Bc5 9. 0-0 0-0 10. a3 Re8 11. b4 Bd4 12. Bxh7+ Kxh7 13. Qxd4 Kg8 14. Bb2 Qg5 15. f4 Qg4 16. Nd2 Bb7 17. h3 Qg6 18. f5 Qg5 19. Ne4 Qh6 20. Nc5 Bc8 21. Rf3 d6 22. exd6 cxd6 23. Nd3 d5 24. Rg3 f6 25. Qxf6 Qxf6 26. Bxf6 Bxf5 27. Nc5 dxc4 28. Rxg7+ Kf8 29. Rf1 Bc8 30. Bc3+ 1-0

[Event "Sao Bento do Sul U2050 1st"]
[Site "Sao Bento do Sul"]
[Date "2016.05.20"]
[Round "1.11"]
[White "Favero, Bruna Francescato"]
[Black "Dalanhol, Joao Vitor"]
[Result "0-1"]
[WhiteElo "1542"]
[BlackElo "1891"]
[PlyCount "132"]
[EventDate "2016.05.20"]
[EventType "swiss"]
[EventRounds "7"]
[EventCountry "BRA"]
[SourceTitle "EXT 2022"]
[Source "ChessBase"]
[SourceDate "2021.10.06"]
[SourceVersion "1"]
[SourceVersionDate "2021.10.06"]
[SourceQuality "1"]

1. e4 c5 2. Nf3 d6 3. d3 Nf6 4. Be2 e6 5. 0-0 Be7 6. Be3 0-0 7. Nbd2 Qc7 8. c3 Nbd7 9. d4 a6 10. Ne1 b5 11. b3 Bb7 12. f3 Rac8 13. c4 b4 14. d5 exd5 15. exd5 Rfe8 16. Nc2 Rcd8 17. Re1 Bc8 18. f4 Nb6 19. Bd3 Ng4 20. Qf3 Bf6 21. Rad1 Nxe3 22. Rxe3 Rxe3 23. Qxe3 g6 24. Qf3 Nd7 25. Ne4 Bg7 26. Re1 Re8 27. Kf1 Kf8 28. Ng3 Rxe1+ 29. Kxe1 f5 30. Ne2 Nf6 31. h3 Qe7 32. Qe3 Qf7 33. Qf3 Bd7 34. Kf2 a5 35. Ne3 h5 36. Nd1 Qe7 37. Qe3 Ne4+ 38. Kf3 Nf6 39. Qxe7+ Kxe7 40. Kf2 h4 41. Kf3 Nh5 42. g3 hxg3 43. Nxg3 Nf6 44. Ne2 Ne4 45. Ke3 Bf6 46. Bc2 Bh4 47. Ng1 g5 48. Nf3 gxf4+ 49. Kxf4 Bg3+ 50. Ke3 Kf6 51. Ng1 f4+ 52. Ke2 Ng5 53. Nf2 Bxf2 54. Kxf2 Nxh3+ 55. Nxh3 Bxh3 56. Kf3 Bf5 57. Be4 Bxe4+ 58. Kxe4 Kg5 59. Kf3 Kf5 60. Kf2 Ke4 61. Ke2 f3+ 62. Kf2 Kf4 63. Kf1 Ke3 64. Ke1 f2+ 65. Kf1 Kf3 66. a3 bxa3 0-1

[Event "Sao Sebastiao do Paraiso U14"]
[Site "Sao Sebastiao do Paraiso"]
[Date "2016.04.23"]
[Round "6.4"]
[White "Abilhoa, Gustavo Auer"]
[Black "Dalanhol, Joao Vitor"]
[Result "0-1"]
[WhiteElo "1635"]
[BlackElo "1891"]
[PlyCount "52"]
[EventDate "2016.04.21"]
[EventType "swiss"]
[EventRounds "6"]
[EventCountry "BRA"]
[SourceTitle "EXT 2022"]
[Source "ChessBase"]
[SourceDate "2021.10.06"]
[SourceVersion "1"]
[SourceVersionDate "2021.10.06"]
[SourceQuality "1"]

1. d4 Nf6 2. c4 g6 3. Nc3 Bg7 4. e4 d6 5. Nf3 0-0 6. Be2 Nbd7 7. Bg5 e5 8. dxe5 dxe5 9. 0-0 c6 10. Qc2 Qc7 11. h3 h6 12. Be3 Nh5 13. Rfd1 Nf4 14. Bxf4 exf4 15. Rac1 Ne5 16. Nxe5 Qxe5 17. Rd2 Qg5 18. Kh1 Be5 19. Bf3 Qh4 20. Kh2 g5 21. Qd1 h5 22. Kg1 g4 23. Be2 f3 24. Bxf3 gxf3 25. Qxf3 Qf4 26. Qxh5 Qxd2 0-1

[Event "Catarinense-ch"]
[Site "Fraiburgo"]
[Date "2016.04.17"]
[Round "6"]
[White "Dos Santos, Haroldo Cunha Jr"]
[Black "Dalanhol, Joao Vitor"]
[Result "0-1"]
[WhiteElo "2132"]
[BlackElo "1891"]
[PlyCount "132"]
[EventDate "2016.04.14"]
[EventType "swiss"]
[EventRounds "7"]
[EventCountry "BRA"]
[SourceTitle "CBM 171 Extra"]
[Source "ChessBase"]
[SourceDate "2016.04.26"]
[SourceVersion "1"]
[SourceVersionDate "2016.04.26"]
[SourceQuality "1"]

1. d4 Nf6 2. Nf3 g6 3. Bf4 Bg7 4. e3 d6 5. Be2 0-0 6. 0-0 Nbd7 7. a4 Qe8 8. h3 e5 9. Bh2 Qe7 10. Na3 Ne8 11. Nc4 e4 12. Ne1 f5 13. c3 Kh8 14. Qb3 Nb6 15. Na5 g5 16. Nc2 f4 17. f3 exf3 18. Bxf3 fxe3 19. Rae1 c6 20. Rxe3 Qd8 21. Be2 Rxf1+ 22. Bxf1 Nf6 23. Qf7 Nbd5 24. Re1 Qf8 25. Qxf8+ Bxf8 26. g4 Bd7 27. c4 Nf4 28. Bxf4 gxf4 29. Bg2 d5 30. c5 b6 31. Nb3 Re8 32. Rxe8 Bxe8 33. a5 bxc5 34. Nxc5 Nd7 35. Nxd7 Bxd7 36. Bf1 Kg7 37. Kg2 Kf6 38. Bd3 h6 39. a6 c5 40. dxc5 Bxc5 41. b4 Bb6 42. Kf3 Ke5 43. b5 Bc5 44. h4 Be7 45. h5 Bc5 46. Be2 Bd6 47. Bd3 Bc7 48. Be2 Bd6 49. Ne1 Kf6 50. Kg2 Bc7 51. Kh3 Ke5 52. Nf3+ Ke4 53. Kh4 Ke3 54. Bd1 Bxb5 55. g5 Bd8 56. Kh3 hxg5 57. h6 Bd7+ 58. Kg2 g4 59. Ng1 Bf5 60. Kf1 Bg5 61. h7 Bxh7 62. Bxg4 Bd3+ 63. Be2 Bxe2+ 64. Nxe2 d4 65. Ke1 f3 66. Nc1 d3 0-1

[Event "Florianopolis op 2nd"]
[Site "Florianopolis"]
[Date "2016.01.17"]
[Round "2"]
[White "Dalanhol, Joao Vitor"]
[Black "Vargas, Gabriela"]
[Result "0-1"]
[WhiteElo "1779"]
[BlackElo "2091"]
[PlyCount "88"]
[EventDate "2016.01.16"]
[EventType "swiss"]
[EventRounds "10"]
[EventCountry "BRA"]
[SourceTitle "CBM 170 Extra"]
[Source "ChessBase"]
[SourceDate "2016.02.25"]
[SourceVersion "1"]
[SourceVersionDate "2016.02.25"]
[SourceQuality "1"]

1. e4 e6 2. d4 d5 3. Nc3 Bb4 4. e5 Qd7 5. a3 Bxc3+ 6. bxc3 b6 7. Qg4 f5 8. Qg3 Ba6 9. Bxa6 Nxa6 10. Ne2 Qf7 11. Qd3 Nb8 12. c4 Ne7 13. cxd5 Nxd5 14. c4 Ne7 15. Nc3 Nbc6 16. f4 Rd8 17. Be3 Nxd4 18. Bxd4 Nc6 19. Ne2 Nxd4 20. 0-0 Nxe2+ 21. Qxe2 0-0 22. Rad1 Qe7 23. Qe3 Rxd1 24. Rxd1 Rd8 25. Rb1 Qd7 26. Kf2 c5 27. Ke2 Qc6 28. Kf2 Rd4 29. Rc1 Qd7 30. Rc2 Rd3 31. Qc1 Qd4+ 32. Ke2 Qe4+ 33. Kf2 Rd4 34. g3 Rd3 35. Kg1 Qd4+ 36. Kg2 Rd1 37. Qb2 Rg1+ 38. Kh3 Qd1 39. Re2 Qf1+ 40. Rg2 b5 41. cxb5 c4 42. Qe2 Qxg2+ 43. Qxg2 Rxg2 44. Kxg2 c3 0-1

[Event "Florianopolis op 2nd"]
[Site "Florianopolis"]
[Date "2016.01.17"]
[Round "3"]
[White "Pereira, Geanfrancesco"]
[Black "Dalanhol, Joao Vitor"]
[Result "0-1"]
[WhiteElo "2028"]
[BlackElo "1779"]
[PlyCount "127"]
[EventDate "2016.01.16"]
[EventType "swiss"]
[EventRounds "10"]
[EventCountry "BRA"]
[SourceTitle "CBM 170 Extra"]
[Source "ChessBase"]
[SourceDate "2016.02.25"]
[SourceVersion "1"]
[SourceVersionDate "2016.02.25"]
[SourceQuality "1"]

1. e4 c5 2. Nf3 d6 3. a3 Nf6 4. c3 a6 5. g3 Nbd7 6. Qe2 b5 7. d4 Bb7 8. Nbd2 e6 9. Bg2 Be7 10. 0-0 0-0 11. e5 dxe5 12. dxe5 Nd5 13. Ne4 Qc7 14. Bf4 Nxf4 15. gxf4 Nb6 16. Nfg5 h6 17. Nh3 Rfd8 18. Qg4 Nc4 19. Nf6+ Bxf6 20. exf6 g6 21. Qh4 h5 22. Qg5 Nd6 23. Bxb7 Qxb7 24. Rfe1 Nf5 25. Re5 Kh7 26. Rxc5 Rd2 27. Qg2 Qxg2+ 28. Kxg2 Ne3+ 29. Kg1 Nd5 30. b4 Rc2 31. a4 bxa4 32. c4 Nb6 33. Ng5+ Kg8 34. Rc7 Rf8 35. c5 Nd5 36. Rb7 Nxf4 37. f3 Rg2+ 38. Kf1 Rxg5 39. Rxa4 Rd8 40. b5 Nd3 41. c6 Rxb5 42. Rxa6 Rxb7 43. cxb7 Nc5 44. Rb6 Rb8 45. Rb5 Nxb7 46. Kg2 Kf8 47. Kg3 Ke8 48. Kh4 Kd7 49. Kg5 Kc6 50. Rb2 Rd8 51. Kh6 Nd6 52. Kg7 Kd5 53. Ra2 Rd7 54. Ra4 Ne8+ 55. Kh6 Nxf6 56. Kg5 Ne8 57. Ra5+ Kd6 58. h4 Ke7 59. Ra8 Rd5+ 60. Kh6 Rf5 61. Ra7+ Kf8 62. Kh7 Rxf3 63. Ra4 e5 64. Re4 0-1

[Event "Pan American Amateur-ch"]
[Site "Curitiba"]
[Date "2015.12.20"]
[Round "9"]
[White "Dalanhol, Joao Vitor"]
[Black "Fier, Luciano dos Santos"]
[Result "0-1"]
[WhiteElo "1795"]
[BlackElo "1909"]
[PlyCount "111"]
[EventDate "2015.12.16"]
[EventType "swiss"]
[EventRounds "9"]
[EventCountry "BRA"]
[SourceTitle "CBM 170 Extra"]
[Source "ChessBase"]
[SourceDate "2016.02.25"]
[SourceVersion "1"]
[SourceVersionDate "2016.02.25"]
[SourceQuality "1"]

1. e4 c6 2. d4 d5 3. Nc3 dxe4 4. Nxe4 Bf5 5. Ng3 Bg6 6. Nf3 Nd7 7. Bc4 Ngf6 8. 0-0 e6 9. Re1 Be7 10. Bd2 0-0 11. c3 Qc7 12. Nh4 Rfe8 13. Nxg6 hxg6 14. h3 c5 15. dxc5 Bxc5 16. Bb3 Qxg3 17. Be3 Bxe3 18. Rxe3 Qc7 19. Qe2 Rad8 20. Re1 Nb6 21. g3 Rd6 22. Rd3 Rxd3 23. Qxd3 Rd8 24. Qe2 Qc5 25. Kg2 Qd6 26. Rb1 Qc6+ 27. Kg1 Qe4 28. Qf1 Rd2 29. Re1 Qc6 30. Rb1 Qd6 31. Qg2 Qc6 32. Qf1 e5 33. Qe1 Qd6 34. Kg2 e4 35. a3 Qd3 36. Kg1 Nfd7 37. Rd1 Rxd1 38. Bxd1 Ne5 39. Be2 Nf3+ 40. Bxf3 Qxf3 41. Qd2 Qd3 42. Qf4 Qd1+ 43. Kh2 Qd5 44. b3 Nd7 45. c4 Qf5 46. Qd2 Kh7 47. Kg2 Ne5 48. Qd8 f6 49. Qd4 b6 50. b4 Nf3 51. Qe3 Ne5 52. g4 Qf3+ 53. Qxf3 exf3+ 54. Kg3 g5 55. c5 bxc5 56. bxc5 0-1

[Event "Blumenau Region-ch sf"]
[Site "Blumenau"]
[Date "2015.11.01"]
[Round "5"]
[White "De Borba, Guilherme"]
[Black "Dalanhol, Joao Vitor"]
[Result "1-0"]
[WhiteElo "1902"]
[BlackElo "1763"]
[PlyCount "125"]
[EventDate "2015.10.30"]
[EventType "swiss"]
[EventRounds "7"]
[EventCountry "BRA"]
[SourceTitle "CBM 169 Extra"]
[Source "ChessBase"]
[SourceDate "2015.12.18"]
[SourceVersion "1"]
[SourceVersionDate "2015.12.18"]
[SourceQuality "1"]

1. e4 c5 2. Nf3 d6 3. d4 cxd4 4. Nxd4 Nf6 5. Nc3 a6 6. Be3 e5 7. Nf3 Be6 8. Ng5 Qc7 9. Nxe6 fxe6 10. Qf3 b5 11. Bg5 Be7 12. Bd3 0-0 13. Qh3 Qd7 14. 0-0 Nc6 15. a4 Nd4 16. axb5 axb5 17. Bxf6 Bxf6 18. Nd5 Qf7 19. Nxf6+ Qxf6 20. Rxa8 Rxa8 21. c3 Nb3 22. Bxb5 Nd2 23. Re1 Ra2 24. Bd7 Nxe4 25. Qxe6+ Qf7 26. Qxf7+ Kxf7 27. Bb5 Rxb2 28. Bc4+ Kf6 29. Rxe4 d5 30. Rh4 dxc4 31. g3 Rb7 32. Rxc4 Ke6 33. Kg2 Rf7 34. Rc8 Kd7 35. Ra8 Ke6 36. Rh8 h6 37. Rd8 e4 38. Rd4 Ke5 39. Rc4 Kd5 40. Rd4+ Ke5 41. Rc4 Kd5 42. Rc8 Ke6 43. Kf1 Ke5 44. Ke2 Rd7 45. h4 Kf5 46. Rc5+ Kg4 47. Re5 Rc7 48. Rxe4+ Kh3 49. c4 Kg2 50. Ke3 Ra7 51. Rf4 Rd7 52. h5 Rd1 53. c5 Rd5 54. Rc4 Rxh5 55. c6 Re5+ 56. Kf4 Re8 57. c7 Rc8 58. Rc2 g5+ 59. Kg4 Kf1 60. Kf5 Kg2 61. f4+ Kxg3 62. fxg5 Rf8+ 63. Kg6 1-0

[Event "Sao Paulo op-B 3rd"]
[Site "Sao Paulo"]
[Date "2015.09.20"]
[Round "6"]
[White "Dalanhol, Joao Vitor"]
[Black "Goncalves, Ruan Lucas Alves"]
[Result "0-1"]
[WhiteElo "1704"]
[BlackElo "1974"]
[PlyCount "104"]
[EventDate "2015.09.17"]
[EventType "swiss"]
[EventRounds "6"]
[EventCountry "BRA"]
[SourceTitle "EXT 2016"]
[Source "ChessBase"]
[SourceDate "2015.10.08"]
[SourceVersion "1"]
[SourceVersionDate "2015.10.08"]
[SourceQuality "1"]

1. e4 c5 2. Nf3 d6 3. d4 cxd4 4. Nxd4 Nf6 5. Nc3 a6 6. Bg5 Qb6 7. Qd2 Qxb2 8. Rb1 Qa3 9. Bc4 Nbd7 10. 0-0 Qc5 11. Bb3 h6 12. Be3 Qc7 13. f3 Nc5 14. Rfd1 e6 15. Nde2 Nxb3 16. cxb3 Be7 17. Rbc1 Qd8 18. Na4 Nd7 19. Bf4 e5 20. Be3 0-0 21. Ng3 b5 22. Nc3 Nf6 23. Nd5 Nxd5 24. Qxd5 Be6 25. Qd2 Kh7 26. Ne2 Rc8 27. Nc3 Qa5 28. Qd3 Rc7 29. Rc2 Rfc8 30. Rdc1 Kg8 31. Nd5 Bxd5 32. Rxc7 Rxc7 33. Rxc7 Qxc7 34. Qxd5 Qc3 35. Kf2 Qb2+ 36. Qd2 Qxd2+ 37. Bxd2 f6 38. g3 Kf7 39. f4 h5 40. Kf3 g6 41. Bb4 Ke6 42. h3 f5 43. Ke3 fxe4 44. Bc3 exf4+ 45. Kxf4 d5 46. g4 g5+ 47. Ke3 Bc5+ 48. Ke2 hxg4 49. hxg4 d4 50. Bd2 e3 51. Be1 Ke5 52. Kd3 Kf4 0-1

[Event "Sao Paulo op-B 3rd"]
[Site "Sao Paulo"]
[Date "2015.09.19"]
[Round "4"]
[White "Dalanhol, Joao Vitor"]
[Black "Serafim Junior, Arnor"]
[Result "1-0"]
[WhiteElo "1704"]
[BlackElo "1867"]
[PlyCount "85"]
[EventDate "2015.09.17"]
[EventType "swiss"]
[EventRounds "6"]
[EventCountry "BRA"]
[SourceTitle "EXT 2016"]
[Source "ChessBase"]
[SourceDate "2015.10.08"]
[SourceVersion "1"]
[SourceVersionDate "2015.10.08"]
[SourceQuality "1"]

1. e4 c5 2. Nf3 e6 3. d4 cxd4 4. Nxd4 a6 5. c4 Nf6 6. Nc3 Qc7 7. a3 b6 8. Be3 Bb7 9. f3 Bd6 10. Ndb5 axb5 11. Nxb5 Qc6 12. Nxd6+ Ke7 13. Nxb7 Qxb7 14. Qb3 Nc6 15. Qxb6 Rhb8 16. Qxb7 Rxb7 17. Ra2 d6 18. Bd2 Nd4 19. Bc3 Nc2+ 20. Kd2 Nb4 21. Bxb4 Rxb4 22. Bd3 Nd7 23. Kc3 Rba4 24. Rha1 Ne5 25. b4 Nc6 26. Kb2 Kd7 27. Bc2 R4a7 28. Kc3 e5 29. a4 Nd4 30. Bd3 Kc6 31. a5 Ne6 32. b5+ Kc5 33. Ra3 Nd8 34. g3 Nb7 35. a6 Nd8 36. f4 Ne6 37. fxe5 dxe5 38. Rb1 Nd4 39. b6 Rb7 40. axb7 Rxa3+ 41. Kb2 Rb3+ 42. Ka2 Rxb1 43. b8Q 1-0

[Event "World School-ch U13 10th"]
[Site "Juiz de Fora"]
[Date "2014.12.02"]
[Round "7"]
[White "Dalanhol, Joao Vitor"]
[Black "Tuesta Talledo, Anthony Paul"]
[Result "1/2-1/2"]
[WhiteElo "1694"]
[BlackElo "1458"]
[PlyCount "89"]
[EventDate "2014.11.26"]
[EventType "swiss"]
[EventRounds "9"]
[EventCountry "BRA"]
[SourceTitle "EXT 2016"]
[Source "ChessBase"]
[SourceDate "2015.10.08"]
[SourceVersion "1"]
[SourceVersionDate "2015.10.08"]
[SourceQuality "1"]

1. e4 c5 2. Nf3 e6 3. d3 g6 4. g3 Bg7 5. Bg2 Ne7 6. 0-0 0-0 7. Nbd2 Nbc6 8. Re1 d6 9. Nf1 h6 10. h4 d5 11. e5 Qc7 12. Bf4 b6 13. N1h2 d4 14. Qd2 Kh7 15. Ng4 Ng8 16. Nfh2 Bb7 17. Nf3 Qe7 18. a3 Qd8 19. Qc1 Qc8 20. Nd2 Nce7 21. Bxb7 Qxb7 22. Ne4 Nd5 23. Nef6+ Ndxf6 24. exf6 Nxf6 25. Nxf6+ Bxf6 26. Bxh6 Bg7 27. Bxg7 Kxg7 28. Qf4 Qb8 29. Qe5+ Qxe5 30. Rxe5 Rad8 31. Rae1 Rd6 32. f4 Rfd8 33. Kg2 Rd5 34. Kf3 b5 35. b3 R8d6 36. Rxd5 Rxd5 37. Re5 Rxe5 38. fxe5 a5 39. Kf4 Kh6 40. g4 g5+ 41. hxg5+ Kg6 42. Kg3 Kxg5 43. Kf3 Kg6 44. Kf4 Kh6 45. Kg3 1/2-1/2